000 01244nam2a22002891 4500
001 rc\3714563
005 20250610103005.0
035 _a(NLR Aleph) 007859298
090 _a7796754
_c7796754
100 _a20130115d1974 |||y0rusy50 ca
101 0 _arus
102 _aRU
105 _aa z |||||
200 1 _aИзмерительные системы и устройства
_f[Авт. И.С. Крашенинников, С.С. Курочкин, А.В. Матвеев и Е.И. Рехин]
210 _aМосква
_cАтомиздат
_d1974
215 _a304 с.
_cчерт.
320 _aСписок лит.: с. 296-303
461 0 _1001rc\3714562
_12001#$aСовременная ядерная электроника$eВ 2 т.$eТ. 1-2$vТ. 1
_97796753
_cМосква
_d1974
_nАтомиздат
_oВ 2 т. : Т. 1-2
_tСовременная ядерная электроника
_vТ. 1
701 1 _aМатвеев
_bА.
_gА.В
701 1 _aРехин
_bЕ.И.
701 1 _aКурочкин
_bС.С.
_gСергей Степанович
701 1 _aКрашенинников
_bИ.С.
_gИгорь Сергеевич
801 0 _aRU
_bNLR
_gpsbo
801 1 _aRU
_bELAR
_2rusmarc
852 _aNLR
_j73-5/6275
942 _cBOOK
980 _aNB